| 000 | 00925cab a2200241 4500 | ||
|---|---|---|---|
| 001 | WB3046-22 | ||
| 008 | 090401t1994 xxu||||| |||| 00| 0 eng d | ||
| 035 | _a(Sirsi) u23484 | ||
| 041 | _aeng | ||
| 245 | _aRent review | ||
| 260 | _c1994 | ||
| 350 | _a0 | ||
| 490 |
_aEstates Gazette Case Summaries _v1994 EGCS 191 (3/12/94) |
||
| 520 | _a"Commercial Union Life Assurance Co Ltd and another v Woolworths plc" ChD 18 November 1994. Raised question of whether options contained in deed supplemental to lease should be taken into account when valuing premises upon rent review. Held that provisions for surrendering parts of demised premises should be taken into account. | ||
| 650 | _aDISREGARDS | ||
| 650 | _aOPEN MARKET RENT | ||
| 650 | _aOPTION PROVISIONS | ||
| 650 | _aRENT REVIEWS | ||
| 650 | _aVALUATION ISSUES | ||
| 690 | _aLANDLORD AND TENANT-CASE LAW-RENT REVIEWS | ||
| 942 | _n0 | ||
| 948 | _c04/03/1997 | ||
| 999 |
_c15694 _d15694 |
||